00502 2200181 4500245007500000020002200075250000900097100001800106700002000124700002000144650004300164005001900207260004200226041001400268084000800282300002100290336000900311 aThe Wolf in Winter b : Serigala di Musim DingincConnoly, JohnhText a978-602-03-3932-0 a2017 aConnoly, John aJulanda Tantani aRosi L Simamora aFiksi Inggris (dalam Bahasa Indonesia) a20240906132015 aJakartabGramedia Pustaka Utamac2017 aIndonesia a823 a600 hlm :c20 cm atext